000 00474nam a22001697a 4500
003 OSt
008 260425b |||||||| |||| 00| 0 eng d
082 _a634.43
_bR18E
100 _aRanjana, Ranju
245 _aEffect of GA3 and Packaging on the Shelf Life of Sapota (Achras Sapota ) Cv. Pala Fruits
260 _aPusa, Samastipur
_bRAU
_c2010
300 _a46P.
502 _bMsc.
_d2010
650 _aFruit & Fruit Technology
650 _aHorticulture
942 _2ddc
_cT
999 _c50183
_d50183